| 000 | 00379 a2200109 4500 | ||
|---|---|---|---|
| 001 | ART_46686 | ||
| 005 | 20260410162040.0 | ||
| 008 | 260409a | ||
| 245 | 1 | 0 | _aImpuesto sobre la renta de las personas físicas y desigualdad de los ingresos en el Ecuador entre 2007 y 2011 |
| 100 | 1 | _aCano, Liliana | |
| 773 | 0 |
_tRevista Cepal _g- Nº 123 (dic. 2017) _wREV45125 |
|
| 999 |
_c34764 _d34764 |
||